• 首页
  • 本馆介绍
  • 公告通知
  • 最新文献
  • 馆藏检索
  • 电子资源
  • 读者导购
  • 参考咨询
  • 我的图书馆
  • 登录
  • 详细信息显示
  • 放入我的书架
  • 预约/预借图书
  • 作者相关作品
  • 分类相关作品
  • 丛书相关作品
  • 出版社相关作品

书目信息

  • 表格格式
  • 工作单格式
  • 卡片格式
题名:
“合约化管理”模式
    
 
作者: 孟少凯 编著
分册:  
出版信息: 北京   机械工业出版社  2012
页数: 16,264页
开本: 24cm
丛书名:
单 册:
中图分类: F272.9
科图分类:
主题词: 企业管理制度--研究 , 企业管理制度
电子资源:
ISBN: 978-7-111-37610-1
000 00969nam0 22002411 450
001 524
005 20140909091815.21
010    @a978-7-111-37610-1@dCNY48.00
100    @a20120509d2012 em y0chiy50 ea
101 0  @achi
102    @aCN@b110000
105    @aa z 000yy
106    @ar
200 1  @a“合约化管理”模式@AHe Yue Hua Guan Li Mo Shi@f孟少凯编著@FMeng Shao Kai Bian Zhu
210    @a北京@c机械工业出版社@d2012
215    @a16,264页@c图@d24cm
330    @a本书从实践角度出发,力图完善合约中的具体条款,力争让员工以企业为家,体验到“我在和公司一起成长”的美好愿景;让企业在管理上也开始“瘦身”,追求“越简单越好”的管理理念;让每个员工明白自己的责、权、利之所在,及时发现问题,就地解决问题,避免管理出现“重叠”或“ 空白”的现象,提高做事效率。
606 0  @a企业管理制度@x研究
606 0  @a企业管理制度
690    @aF272.9@v5
701  0 @a孟少凯@AMeng Shao Kai@f(1961~)@4编著
801  0 @aCN@bTANGWEI@c20140603
905    @b0837384-86@dF272.9@e1034@f3
    
    “合约化管理”模式/孟少凯编著.-北京:机械工业出版社,2012
    16,264页:图;24cm
    
    
    ISBN 978-7-111-37610-1:CNY48.00
    本书从实践角度出发,力图完善合约中的具体条款,力争让员工以企业为家,体验到“我在和公司一起成长”的美好愿景;让企业在管理上也开始“瘦身”,追求“越简单越好”的管理理念;让每个员工明白自己的责、权、利之所在,及时发现问题,就地解决问题,避免管理出现“重叠”或“ 空白”的现象,提高做事效率。
●
相关链接 在E读中查询图书 在五车中查询图书 在当当中查询图书 在豆瓣中查询图书


正题名:"合约化管理"模式     索取号:F272.9/1034         预约/预借

序号 登录号 条形码 馆藏地/架位号 状态 备注
1 0837384   208373847   第一样本阅览室/ [索取号:F272.9/1034] 在馆    
2 0837385   208373856   第一借阅区/ [索取号:F272.9/1034] 在馆    
3 0837386   208373865   密集书库-海洋学院/ [索取号:F272.9/1034] 在馆    
唐山师范学院图书馆 欢迎您!
大连网信软件有限公司© 版权所有